<?xml version="1.0" encoding="UTF-8"?>
<collection xmlns="http://www.loc.gov/MARC21/slim">
 <record>
  <leader>01143cam a2200217 7i4500</leader>
  <controlfield tag="001">0000142718</controlfield>
  <controlfield tag="005">20111116090000.0</controlfield>
  <controlfield tag="002">  0000007823</controlfield>
  <controlfield tag="008">111116s2010        my a    x           eng   </controlfield>
  <datafield tag="090" ind1="0" ind2="0">
   <subfield code="a">QL 761 </subfield>
   <subfield code="b">.W3 2010</subfield>
  </datafield>
  <datafield tag="100" ind1="0" ind2="#">
   <subfield code="a">Wan Nurul Nadiah Wan Rasdi </subfield>
  </datafield>
  <datafield tag="245" ind1="1" ind2="0">
   <subfield code="a">Induce mating and stimulation of ovarian maturation in the blue swimming crab, portunus pelagicus (linnaeus, 1758)  </subfield>
   <subfield code="c">Wan Nurul Nadiah Wan Rasdi.</subfield>
  </datafield>
  <datafield tag="260" ind1="#" ind2="#">
   <subfield code="a">Terengganu: </subfield>
   <subfield code="b">Universiti Malaysia Terengganu, </subfield>
   <subfield code="c">2010.</subfield>
  </datafield>
  <datafield tag="300" ind1=" " ind2=" ">
   <subfield code="a">xx, 136 p.: </subfield>
   <subfield code="b">ill.; </subfield>
   <subfield code="c">30 cm..</subfield>
  </datafield>
  <datafield tag="500" ind1="#" ind2="#">
   <subfield code="a">AKUATROP adalah singkatan kepada Institut Akuakultur Tropika</subfield>
  </datafield>
  <datafield tag="502" ind1="#" ind2="#">
   <subfield code="a">Tesis AKUATROP (Degree of Master of Science) 2010</subfield>
  </datafield>
  <datafield tag="520" ind1="3" ind2="#">
   <subfield code="a">Development of berried females production technique in capacity of the blue swimming crab, p. pelagicus using mating and maturation techniques were studied. Since mating and reproduction are both linked with each other, suitable ways of inducing mag and maturation process needs to be implemented</subfield>
  </datafield>
  <datafield tag="602" ind1="#" ind2="#">
   <subfield code="a">Tesis AKUATROP 2010</subfield>
  </datafield>
  <datafield tag="650" ind1="0" ind2="0">
   <subfield code="a">Blue swimming crab </subfield>
  </datafield>
  <datafield tag="650" ind1="0" ind2="0">
   <subfield code="a">Sexual behavior in animals </subfield>
  </datafield>
  <datafield tag="999" ind1=" " ind2=" ">
   <subfield code="a">1100083456</subfield>
   <subfield code="b">Book</subfield>
   <subfield code="c">Tesis</subfield>
   <subfield code="e">KOLEKSI KHAS</subfield>
  </datafield>
 </record>
</collection>
